[Event "Calvia Amateur op 20th"]
[Site "Calvia"]
[Date "2023.10.10"]
[Round "4"]
[White "Melderis, Uldis"]
[Black "Andersson, Lars"]
[Result "1-0"]
[WhiteElo "1807"]
[BlackElo "2051"]
[PlyCount "87"]
[EventDate "2023.10.07"]
[EventType "swiss"]
[EventRounds "9"]
[EventCountry "ESP"]
[SourceTitle "Mega2024 Update 01"]
[Source "Chessbase"]
[SourceDate "2023.11.12"]
[SourceVersion "1"]
[SourceVersionDate "2023.11.12"]
[SourceQuality "1"]

1. d4 Nf6 2. c4 g6 3. Nc3 Bg7 4. e4 d6 5. f3 0-0 6. Be3 c5 7. dxc5 dxc5 8. Qxd8 Rxd8 9. Bxc5 Nc6 10. Rd1 Rxd1+ 11. Kxd1 b6 12. Be3 Ba6 13. Nh3 Nd7 14. Kc2 Nde5 15. c5 Bxf1 16. Rxf1 Nc4 17. Re1 Nb4+ 18. Kb1 Nxb2 19. Nd5 N4d3 20. Re2 Na4 21. Kc2 Ndxc5 22. Nxe7+ Kf8 23. Bxc5 bxc5 24. Nd5 Rb8 25. Kd3 Nb2+ 26. Kc2 Bd4 27. Nf2 Nc4 28. Nd1 Rb5 29. f4 Nb6 30. N5c3 Ra5 31. Kb3 Ra6 32. a4 Nd7 33. Nb5 Rb6 34. Kc4 a6 35. Nxd4 Rb4+ 36. Kc3 Rxd4 37. Rd2 Rxd2 38. Kxd2 Nb6 39. Nc3 Ke7 40. Kd3 a5 41. Nd5+ Nxd5 42. exd5 f6 43. g4 h6 44. h4 1-0

[Event "Calvia Amateur op 20th"]
[Site "Calvia"]
[Date "2023.10.09"]
[Round "3"]
[White "Melderis, Uldis"]
[Black "Van Ee, Robin"]
[Result "1/2-1/2"]
[WhiteElo "1807"]
[BlackElo "2046"]
[PlyCount "45"]
[EventDate "2023.10.07"]
[EventType "swiss"]
[EventRounds "9"]
[EventCountry "ESP"]
[SourceTitle "Mega2024 Update 01"]
[Source "Chessbase"]
[SourceDate "2023.11.12"]
[SourceVersion "1"]
[SourceVersionDate "2023.11.12"]
[SourceQuality "1"]

1. d4 Nf6 2. c4 e6 3. Nf3 Bb4+ 4. Bd2 c5 5. e3 b6 6. Bd3 Bb7 7. 0-0 0-0 8. a3 Bxd2 9. Nbxd2 Nc6 10. Qc2 cxd4 11. exd4 d5 12. c5 bxc5 13. Qxc5 Rc8 14. Qb5 Qe7 15. Rac1 Ne8 16. Bb1 Nd6 17. Qd3 g6 18. h4 Nb8 19. Rfe1 Ba6 20. Qe3 Nd7 21. b4 Rxc1 22. Rxc1 Rc8 23. Rxc8+ 1/2-1/2

[Event "Calvia Amateur op 19th"]
[Site "Calvia"]
[Date "2022.10.12"]
[Round "5"]
[White "Melderis, Uldis"]
[Black "Balje, Jan"]
[Result "1/2-1/2"]
[WhiteElo "1805"]
[BlackElo "2183"]
[PlyCount "82"]
[EventDate "2022.10.08"]
[EventType "swiss"]
[EventRounds "9"]
[EventCountry "ESP"]
[SourceTitle "CBM 210 Extra"]
[Source "ChessBase"]
[SourceDate "2022.11.30"]
[SourceVersion "1"]
[SourceVersionDate "2022.11.30"]
[SourceQuality "1"]

1. d4 Nf6 2. Nf3 d5 3. c4 c6 4. e3 a6 5. Qc2 g6 6. Nc3 Bg7 7. Bd3 Bg4 8. Ne5 Be6 9. c5 Nfd7 10. Nf3 Nf6 11. Ne5 Nfd7 12. Nf3 Bg4 13. h3 Bxf3 14. gxf3 e5 15. dxe5 Nxe5 16. Be2 Qe7 17. Na4 Ned7 18. Rb1 a5 19. b4 axb4 20. Rxb4 b5 21. Bb2 0-0 22. Nb6 Na6 23. Rg4 Bxb2 24. Qxb2 Qe5 25. Qc1 Nxb6 26. cxb6 c5 27. b7 Ra7 28. Bxb5 Nb4 29. 0-0 h5 30. Rg3 Qd6 31. a3 Nc6 32. f4 Rxb7 33. a4 Ne7 34. Qc2 Kh7 35. Rd1 Nf5 36. Rg5 f6 37. Rg2 Nh4 38. Rg3 Nf5 39. Rg2 Nh4 40. Rg3 Nf5 41. Rg2 Nh4 1/2-1/2

[Event "Calvia Amateur op 19th"]
[Site "Calvia"]
[Date "2022.10.10"]
[Round "3"]
[White "Melderis, Uldis"]
[Black "Viskelis, Darius"]
[Result "0-1"]
[WhiteElo "1805"]
[BlackElo "2137"]
[PlyCount "88"]
[EventDate "2022.10.08"]
[EventType "swiss"]
[EventRounds "9"]
[EventCountry "ESP"]
[SourceTitle "CBM 210 Extra"]
[Source "ChessBase"]
[SourceDate "2022.11.30"]
[SourceVersion "1"]
[SourceVersionDate "2022.11.30"]
[SourceQuality "1"]

1. d4 d5 2. c4 e6 3. Nc3 c5 4. e3 Nf6 5. Nf3 Nc6 6. a3 Ne4 7. cxd5 exd5 8. dxc5 Nxc3 9. bxc3 Bxc5 10. Be2 0-0 11. 0-0 Be6 12. Nd4 Na5 13. a4 Qe7 14. Bd3 Rfd8 15. f4 f6 16. Qh5 g6 17. Qh6 f5 18. Rb1 Rac8 19. Bd2 Bb6 20. Rf3 Bd7 21. Rg3 Nc4 22. Bc1 Bxd4 23. cxd4 a6 24. h4 Re8 25. h5 Qg7 26. Qg5 Kf7 27. Bxc4 dxc4 28. Ba3 Qf6 29. Qh6 Qg7 30. Qg5 Bxa4 31. Bd6 Qf6 32. Qxf6+ Kxf6 33. hxg6 hxg6 34. d5 c3 35. Rh3 c2 36. Rc1 Rcd8 37. Ba3 Rxd5 38. Bb2+ Ke6 39. Bd4 Red8 40. Kf2 b5 41. Rh6 Rxd4 42. exd4 Rxd4 43. Rxg6+ Kd5 44. Rxa6 Rd1 0-1

[Event "Riga Shirov&Maskacha rapid"]
[Site "Riga"]
[Date "2020.01.09"]
[Round "1"]
[White "Kovalenko, Igor"]
[Black "Melderis, Uldis"]
[Result "1-0"]
[WhiteElo "2640"]
[BlackElo "1889"]
[PlyCount "41"]
[EventDate "2020.01.09"]
[EventType "swiss (rapid)"]
[EventRounds "9"]
[EventCountry "LAT"]
[SourceTitle "CBM 194 Extra"]
[Source "ChessBase"]
[SourceDate "2020.03.31"]
[SourceVersion "1"]
[SourceVersionDate "2020.03.31"]
[SourceQuality "1"]

1. e4 e6 2. d4 d5 3. e5 c5 4. c3 Nc6 5. Nf3 Qb6 6. a3 f6 7. Bd3 f5 8. 0-0 cxd4 9. cxd4 Bd7 10. Bc2 Be7 11. Nc3 a6 12. b4 Qd8 13. Ne2 g5 14. Qd2 h6 15. g4 fxg4 16. Bg6+ Kf8 17. Ne1 h5 18. f4 Kg7 19. Bb1 Kh6 20. fxg5+ Bxg5 21. Rf6+ 1-0

[Event "Calvia Amateur op 16th"]
[Site "Calvia"]
[Date "2019.10.13"]
[Round "9"]
[White "Hrbolka, Ladislav"]
[Black "Melderis, Uldis"]
[Result "1/2-1/2"]
[WhiteElo "2093"]
[BlackElo "1878"]
[PlyCount "24"]
[EventDate "2019.10.05"]
[EventType "swiss"]
[EventRounds "9"]
[EventCountry "ESP"]
[SourceTitle "CBM 192 Extra"]
[Source "Chessbase"]
[SourceDate "2019.11.06"]
[SourceVersion "1"]
[SourceVersionDate "2019.11.06"]
[SourceQuality "1"]

1. d4 d5 2. Nf3 Nf6 3. g3 e6 4. Bg2 c5 5. dxc5 Bxc5 6. 0-0 0-0 7. c4 Nc6 8. cxd5 Qxd5 9. Nc3 Qxd1 10. Rxd1 e5 11. Na4 Be7 12. Bg5 Bf5 1/2-1/2

[Event "Riga Tal Memorial blitz"]
[Site "Riga"]
[Date "2019.07.18"]
[Round "1"]
[White "Melderis, Uldis"]
[Black "Munoz Pantoja, Miguel Angel"]
[Result "0-1"]
[WhiteElo "1897"]
[BlackElo "2511"]
[PlyCount "32"]
[EventDate "2019.07.18"]
[EventType "swiss (blitz)"]
[EventRounds "13"]
[EventCountry "LAT"]
[SourceTitle "CBM 191 Extra"]
[Source "ChessBase"]
[SourceDate "2019.09.30"]
[SourceVersion "1"]
[SourceVersionDate "2019.09.30"]
[SourceQuality "1"]

1. b4 Nf6 2. Bb2 g6 3. e3 Bg7 4. Nf3 0-0 5. Be2 d6 6. 0-0 e5 7. d3 Ne8 8. Qc1 f5 9. Nbd2 g5 10. c4 g4 11. Ne1 Qh4 12. f4 Qe7 13. c5 exf4 14. Bxg7 Qxe3+ 15. Kh1 Nxg7 16. Qd1 Re8 0-1

[Event "LAT-ch"]
[Site "Riga"]
[Date "2019.05.04"]
[Round "7"]
[White "Melderis, Uldis"]
[Black "Indricans, Olgerts"]
[Result "0-1"]
[WhiteElo "1914"]
[BlackElo "2115"]
[PlyCount "156"]
[EventDate "2019.04.29"]
[EventType "swiss"]
[EventRounds "9"]
[EventCountry "LAT"]
[SourceTitle "CBM 190 Extra"]
[Source "ChessBase"]
[SourceDate "2019.07.15"]
[SourceVersion "1"]
[SourceVersionDate "2019.07.15"]
[SourceQuality "1"]

1. d4 Nf6 2. Nf3 d5 3. c4 e6 4. g3 Be7 5. Bg2 0-0 6. 0-0 dxc4 7. Ne5 c5 8. dxc5 Qc7 9. Nxc4 Qxc5 10. Nbd2 Nc6 11. b3 Qh5 12. Bb2 Rd8 13. e3 Qg6 14. Qb1 Qh6 15. Rd1 Bd7 16. Nf3 Be8 17. Nce5 Rac8 18. Rxd8 Rxd8 19. Qc2 Nd5 20. Nxc6 Bxc6 21. Rd1 Rc8 22. Qd2 Bb4 23. Qd4 b6 24. e4 Bc5 25. Qe5 Nf6 26. Qg5 Bxf2+ 27. Kh1 Qxg5 28. Nxg5 h6 29. Nh3 Bc5 30. e5 Nd5 31. Rc1 Nb4 32. Bxc6 Rxc6 33. Rc4 b5 34. Rc1 Nd3 35. Rc2 Nxb2 36. Rxb2 Bd4 37. Re2 Rc5 38. Nf4 Rxe5 39. Rd2 Be3 40. Rd8+ Kh7 41. Nd3 Rf5 42. Kg2 h5 43. h3 Kg6 44. g4 hxg4 45. hxg4 Rg5 46. Kf3 Bb6 47. Rd7 Kf6 48. Kf4 e5+ 49. Kf3 Ke6 50. Rb7 Rg6 51. a4 bxa4 52. bxa4 e4+ 53. Kxe4 Rxg4+ 54. Nf4+ Kf6 55. Kf3 Rh4 56. Nd5+ Kg6 57. Nf4+ Kh6 58. Rxf7 Rh1 59. a5 Rf1+ 60. Ke4 Bg1 61. Rd7 Ra1 62. Rd5 g6 63. Kf3 Bh2 64. Ne6 Ra3+ 65. Kg2 Ra2+ 66. Kf3 Bg1 67. Rd1 Rf2+ 68. Kg4 Rf6 69. Ng5 Rf5 70. Ne6 Re5 71. Nf4 Rxa5 72. Rd6 Rg5+ 73. Kf3 Bh2 74. Rd8 Rf5 75. Rh8+ Kg5 76. Rxh2 Rxf4+ 77. Kg3 Ra4 78. Rc2 Ra3+ 0-1

[Event "Calvia Amateur op 15th"]
[Site "Calvia"]
[Date "2018.10.08"]
[Round "3"]
[White "Lim, Mark"]
[Black "Melderis, Uldis"]
[Result "1-0"]
[WhiteElo "1799"]
[BlackElo "1941"]
[PlyCount "39"]
[EventDate "2018.10.06"]
[EventType "swiss"]
[EventRounds "9"]
[EventCountry "ESP"]
[SourceTitle "CBM 186 Extra"]
[Source "ChessBase"]
[SourceDate "2018.08.24"]
[SourceVersion "1"]
[SourceVersionDate "2018.08.24"]
[SourceQuality "1"]

1. d4 c5 2. e3 d5 3. Nf3 Nf6 4. Nbd2 Nbd7 5. c3 Qc7 6. Bd3 e6 7. 0-0 Bd6 8. Re1 0-0 9. e4 dxe4 10. Nxe4 Nxe4 11. Rxe4 cxd4 12. cxd4 Nf6 13. Rh4 Be7 14. Bf4 Qb6 15. Be5 h6 16. Qd2 Bb4 17. Qf4 Nd5 18. Qxh6 f6 19. Qg6 Be7 20. Rh8+ 1-0

[Event "World Amateur-ch U2000"]
[Site "Cagliari"]
[Date "2018.04.23"]
[Round "3"]
[White "Melderis, Uldis"]
[Black "Colombrini, Adolfo"]
[Result "1-0"]
[WhiteElo "1947"]
[BlackElo "1754"]
[PlyCount "27"]
[EventDate "2018.04.22"]
[EventType "swiss"]
[EventRounds "9"]
[EventCountry "ITA"]
[SourceTitle "CBM 184 Extra"]
[Source "ChessBase"]
[SourceDate "2018.06.28"]
[SourceVersion "1"]
[SourceVersionDate "2018.06.28"]
[SourceQuality "1"]

1. b4 e5 2. Bb2 Bxb4 3. Bxe5 Bf8 4. Nf3 Nc6 5. Bb2 Nf6 6. e3 g6 7. d4 d5 8. c4 Bg7 9. Ba3 Ne7 10. cxd5 Nfxd5 11. e4 Nf6 12. Nc3 c6 13. Rb1 Nxe4 14. Nxe4 1-0

[Event "Calvia Amateur op 14th"]
[Site "Calvia"]
[Date "2017.10.13"]
[Round "7"]
[White "Melderis, Uldis"]
[Black "Karcher, Berthold"]
[Result "1-0"]
[WhiteElo "1960"]
[BlackElo "1812"]
[PlyCount "75"]
[EventDate "2017.10.07"]
[EventType "swiss"]
[EventRounds "9"]
[EventCountry "ESP"]
[SourceTitle "CBM 181 Extra"]
[Source "ChessBase"]
[SourceDate "2017.12.12"]
[SourceVersion "1"]
[SourceVersionDate "2017.12.12"]
[SourceQuality "1"]

1. d4 d5 2. c4 c6 3. Qc2 Nf6 4. Nf3 Bg4 5. Ne5 e6 6. Nxg4 Nxg4 7. c5 b6 8. h3 Nf6 9. cxb6 Qxb6 10. e3 Bd6 11. Bd3 Nbd7 12. 0-0 e5 13. dxe5 Bxe5 14. Nd2 0-0 15. Rb1 Nc5 16. Be2 Nce4 17. Nxe4 Nxe4 18. Bd3 Nf6 19. b3 g6 20. Ba3 Rfe8 21. Rbc1 Rac8 22. Bc5 Qc7 23. Rfd1 Nd7 24. Ba6 Rcd8 25. Bd4 Bxd4 26. Rxd4 Nb8 27. Be2 Re6 28. Bf3 Qb6 29. h4 Na6 30. h5 Rdd6 31. Qc3 f5 32. hxg6 hxg6 33. Rh4 Rf6 34. Qe5 Qd8 35. Qh2 Kf7 36. Rh8 Qb6 37. Qh7+ Ke6 38. Re8# 1-0

[Event "Calvia Amateur op 14th"]
[Site "Calvia"]
[Date "2017.10.08"]
[Round "2"]
[White "Longa Yauca, Javier"]
[Black "Melderis, Uldis"]
[Result "1-0"]
[WhiteElo "2249"]
[BlackElo "1960"]
[PlyCount "71"]
[EventDate "2017.10.07"]
[EventType "swiss"]
[EventRounds "9"]
[EventCountry "ESP"]
[SourceTitle "CBM 181 Extra"]
[Source "ChessBase"]
[SourceDate "2017.12.12"]
[SourceVersion "1"]
[SourceVersionDate "2017.12.12"]
[SourceQuality "1"]

1. d4 d5 2. c4 e6 3. Nc3 Nf6 4. Bg5 Be7 5. e3 0-0 6. Nf3 h6 7. Bh4 Nbd7 8. Qc2 c5 9. dxc5 dxc4 10. c6 bxc6 11. Bxc4 Nb6 12. Be2 Nfd5 13. Bg3 Nxc3 14. bxc3 Nd5 15. 0-0 Qa5 16. c4 Nb4 17. Qb3 c5 18. Ne5 Bf6 19. a3 Bxe5 20. Bxe5 Nc6 21. Bg3 Ba6 22. Rfd1 Rfd8 23. Bd6 Rd7 24. Bg3 Rxd1+ 25. Rxd1 Rd8 26. Rxd8+ Nxd8 27. Qd1 Nb7 28. h3 Qxa3 29. Qd7 Qa1+ 30. Kh2 Qf6 31. Qe8+ Kh7 32. Bd3+ g6 33. Qc6 Qa1 34. Qc7 Qf6 35. Be5 Qxf2 36. Qc8 1-0

[Event "Albena op"]
[Site "Albena"]
[Date "2017.06.18"]
[Round "2"]
[White "Melderis, Uldis"]
[Black "Todorov, Ognjan"]
[Result "1/2-1/2"]
[WhiteElo "1997"]
[BlackElo "2231"]
[PlyCount "43"]
[EventDate "2017.06.17"]
[EventType "swiss"]
[EventRounds "9"]
[EventCountry "BUL"]
[SourceTitle "CBM 179 Extra"]
[Source "ChessBase"]
[SourceDate "2017.08.23"]
[SourceVersion "1"]
[SourceVersionDate "2017.08.23"]
[SourceQuality "1"]

1. d4 d5 2. c4 e6 3. Nc3 Be7 4. Nf3 Nf6 5. Bg5 0-0 6. e3 Nbd7 7. cxd5 Nxd5 8. Bxe7 Qxe7 9. Nxd5 exd5 10. Qc2 Nf6 11. Rc1 Ne4 12. Bd3 Qb4+ 13. Nd2 Re8 14. Bxe4 dxe4 15. 0-0 Bf5 16. Qc5 Qxd2 17. Qxf5 c6 18. Rb1 Re6 19. Rfd1 Qe2 20. Re1 Qd2 21. Red1 Qe2 22. Re1 1/2-1/2